[Event "ROM-ch U10"]
[Site "Calimanesti"]
[Date "2014.04.12"]
[Round "8"]
[White "Hududui, Stefan"]
[Black "Chiriac, Dan Stefan"]
[Result "1/2-1/2"]
[WhiteElo "1199"]
[BlackElo "1046"]
[PlyCount "35"]
[EventDate "2014.04.06"]
[EventType "swiss"]
[EventRounds "9"]
[EventCountry "ROU"]
[SourceTitle "CBM 160 Extra"]
[Source "ChessBase"]
[SourceDate "2014.07.01"]
[SourceVersion "1"]
[SourceVersionDate "2014.07.01"]
[SourceQuality "1"]

1. e4 c5 2. Nf3 Nc6 3. Bb5 a6 4. Bxc6 bxc6 5. Nc3 d5 6. exd5 cxd5 7. d3 Nf6 8. Bg5 Bb7 9. Ne2 e6 10. Ng3 h6 11. Bd2 Bd6 12. 0-0 0-0 13. Re1 Rb8 14. Ne5 Nd7 15. Nxd7 Qxd7 16. Qg4 f5 17. Qf3 d4 18. Qe2 1/2-1/2

[Event "ROM-ch U10"]
[Site "Calimanesti"]
[Date "2014.04.10"]
[Round "6"]
[White "Chiriac, Dan Stefan"]
[Black "Tabara, Andrei Cristian"]
[Result "0-1"]
[WhiteElo "1046"]
[BlackElo "1310"]
[PlyCount "104"]
[EventDate "2014.04.06"]
[EventType "swiss"]
[EventRounds "9"]
[EventCountry "ROU"]
[SourceTitle "CBM 160 Extra"]
[Source "ChessBase"]
[SourceDate "2014.07.01"]
[SourceVersion "1"]
[SourceVersionDate "2014.07.01"]
[SourceQuality "1"]

1. e4 e5 2. Nf3 Nc6 3. Bc4 Bc5 4. d3 h6 5. Nc3 d6 6. 0-0 Bg4 7. h3 Bh5 8. Be3 Nf6 9. Nd5 0-0 10. Qd2 Bxe3 11. Qxe3 Nd4 12. Nxd4 exd4 13. Qxd4 Nxd5 14. Bxd5 c6 15. Bb3 a5 16. a4 Kh8 17. Rfe1 f5 18. Re3 f4 19. Ree1 f3 20. Re3 Qh4 21. Rf1 Rf6 22. Kh2 fxg2 23. Kxg2 Raf8 24. Rg3 Be2 25. Re1 Rxf2+ 26. Qxf2 Rxf2+ 27. Kxf2 Bh5 28. Reg1 Qf4+ 29. Kg2 Qd2+ 30. Kh1 Qe2 31. Rxg7 Bf3+ 32. R7g2 Qe3 33. Kh2 Bxg2 34. Rxg2 Qf4+ 35. Kh1 Qc1+ 36. Kh2 Qxb2 37. Rg8+ Kh7 38. Rb8 Qe5+ 39. Kg2 Qg5+ 40. Kf3 Qf6+ 41. Kg4 Qg7+ 42. Kf5 Qg6+ 43. Kf4 Qg5+ 44. Kf3 Qe7 45. Ra8 b6 46. Rb8 Qc7 47. Rg8 d5 48. exd5 Qf7+ 49. Ke4 Qxg8 50. dxc6 Qe8+ 51. Kd5 Qe7 52. Kc4 Qc5# 0-1

[Event "ROM-ch U10"]
[Site "Calimanesti"]
[Date "2014.04.09"]
[Round "4"]
[White "Chiriac, Dan Stefan"]
[Black "Nicoara, David Cristian"]
[Result "0-1"]
[WhiteElo "1046"]
[BlackElo "1248"]
[PlyCount "90"]
[EventDate "2014.04.06"]
[EventType "swiss"]
[EventRounds "9"]
[EventCountry "ROU"]
[SourceTitle "CBM 160 Extra"]
[Source "ChessBase"]
[SourceDate "2014.07.01"]
[SourceVersion "1"]
[SourceVersionDate "2014.07.01"]
[SourceQuality "1"]

1. e4 e5 2. Nf3 Nf6 3. Nxe5 d6 4. Nf3 Nxe4 5. d3 Nf6 6. Bg5 Be7 7. g3 h6 8. Bxf6 Bxf6 9. Nc3 Bxc3+ 10. bxc3 Nc6 11. Bg2 Bg4 12. 0-0 0-0 13. Rb1 b6 14. h3 Bd7 15. Nd4 Nxd4 16. Bxa8 Qxa8 17. cxd4 Bxh3 18. f3 Bxf1 19. Kxf1 Re8 20. Kf2 Re6 21. Qd2 Qe8 22. Re1 Rxe1 23. Qxe1 Qxe1+ 24. Kxe1 f5 25. Ke2 d5 26. c4 c6 27. cxd5 cxd5 28. Ke3 g5 29. f4 g4 30. Kd2 Kf7 31. Kc3 a5 32. Kb3 b5 33. a4 b4 34. Kc2 h5 35. Kb3 h4 36. gxh4 g3 37. h5 g2 38. h6 g1Q 39. Kc2 Qh2+ 40. Kb3 Qxh6 41. Kc2 Qxf4 42. Kb3 Qxd4 43. Kc2 Qc3+ 44. Kb1 b3 45. d4 Qc2+ 0-1